[Event "18. Obert Int. Sant Marti 2016 - B"]
[Site "Barcelona ESP"]
[Date "2016.07.13"]
[Round "1.22"]
[White "Flores Mendoza, Jose Antonio"]
[Black "Ji, Pablo"]
[Result "1-0"]
[WhiteElo "1877"]
[BlackElo "1606"]
[PlyCount "93"]
[EventDate "2016.07.13"]
[EventType "swiss"]
[EventRounds "9"]
[EventCountry "ESP"]
[SourceTitle "Ajedrez en Madrid"]
[Source "lmi"]
[SourceDate "2016.07.13"]
[SourceVersion "1"]
[SourceVersionDate "2019.06.21"]
[SourceQuality "1"]

1. d4 d5 2. c4 c6 3. Nc3 Nf6 4. Bf4 e6 5. e3 Nbd7 6. c5 Be7 7. Bd3 a5 8. a3 b5
9. b4 a4 10. h3 O-O 11. g4 Bb7 12. Nf3 h6 13. Qc2 Re8 14. O-O-O Ne4 15. Bxe4
dxe4 16. Nxe4 Nf6 17. Nxf6+ Bxf6 18. e4 Bg5 19. Bxg5 hxg5 20. Qd2 f6 21. h4
gxh4 22. Rxh4 Kf7 23. g5 Rh8 24. Rdh1 Rxh4 25. Rxh4 f5 26. Ne5+ Ke7 27. g6 Qf8
28. Nf7 Kd7 29. exf5 exf5 30. Qf4 Re8 31. Rh8 Qe7 32. Rxe8 Qxe8 33. Qxf5+ Kc7
34. Qe5+ Qxe5 35. dxe5 Bc8 36. Nd6 Bg4 37. f4 Kd7 38. f5 Ke7 39. Kd2 Bf3 40.
Ke3 Bd5 41. Kf4 Bb3 42. Kg5 Ba2 43. f6+ Kf8 44. fxg7+ Kxg7 45. Nf5+ Kf8 46. Kf6
Bb1 47. g7+ 1-0

[Event "18. Obert Int. Sant Marti 2016 - B"]
[Site "Barcelona ESP"]
[Date "2016.07.13"]
[Round "1.23"]
[White "Rodriguez Beltran, Fernando"]
[Black "Gomez Parla, Josep"]
[Result "1/2-1/2"]
[WhiteElo "1602"]
[BlackElo "1876"]
[PlyCount "88"]
[EventDate "2016.07.13"]
[EventType "swiss"]
[EventRounds "9"]
[EventCountry "ESP"]
[SourceTitle "Ajedrez en Madrid"]
[Source "lmi"]
[SourceDate "2016.07.13"]
[SourceVersion "1"]
[SourceVersionDate "2019.06.21"]
[SourceQuality "1"]

1. d4 Nf6 2. c4 c5 3. d5 b5 4. Qc2 bxc4 5. e4 d6 6. Bxc4 g6 7. Nf3 Bg7 8. O-O
O-O 9. Nc3 Nbd7 10. Re1 Nb6 11. Bf1 Bg4 12. Nd2 a6 13. h3 Bd7 14. Nc4 Nxc4 15.
Bxc4 Qb6 16. Rb1 Bb5 17. b3 Nd7 18. f4 Rfb8 19. Bd2 Qc7 20. Ne2 Bxc4 21. bxc4
Rxb1 22. Rxb1 Rb8 23. Rb3 Rb7 24. Qb1 Rxb3 25. axb3 Qb6 26. Qa2 Nf6 27. Ng3 h5
28. Ba5 Qb7 29. Qc2 h4 30. Ne2 Nh5 31. Be1 Bf6 32. Kf1 Kg7 33. Bd2 e6 34. Bc3
exd5 35. Bxf6+ Nxf6 36. exd5 Qe7 37. Qd3 Nh5 38. Qf3 Qf6 39. Kf2 a5 40. Kg1
Qa1+ 41. Kf2 Nf6 42. Qc3 Qxc3 43. Nxc3 Nh5 44. Kf3 Nf6 1/2-1/2

[Event "18. Obert Int. Sant Marti 2016 - B"]
[Site "Barcelona ESP"]
[Date "2016.07.13"]
[Round "1.24"]
[White "Andreu Termes, Frederic"]
[Black "Sanchez Viana, Jordi"]
[Result "1-0"]
[WhiteElo "1870"]
[BlackElo "1599"]
[PlyCount "79"]
[EventDate "2016.07.13"]
[EventType "swiss"]
[EventRounds "9"]
[EventCountry "ESP"]
[SourceTitle "Ajedrez en Madrid"]
[Source "lmi"]
[SourceDate "2016.07.13"]
[SourceVersion "1"]
[SourceVersionDate "2019.06.21"]
[SourceQuality "1"]

1. e4 c5 2. c4 d6 3. g3 Nf6 4. Bg2 Nc6 5. Nc3 Bg4 6. f3 Bd7 7. d3 h6 8. Nge2 e6
9. Be3 e5 10. Qd2 Be7 11. h3 Qc8 12. f4 exf4 13. Nxf4 Bd8 14. g4 Ne5 15. O-O
Nfxg4 16. hxg4 Bxg4 17. Nb5 Be7 18. b3 a6 19. Nc3 h5 20. Nfd5 Bd8 21. d4 cxd4
22. Bxd4 O-O 23. Ne3 Bg5 24. Bxe5 dxe5 25. Qf2 Bh3 26. Nf5 Bg4 27. Nd5 Qd8 28.
Nde3 Bxf5 29. Nxf5 g6 30. Rad1 Qa5 31. Rd5 Qc7 32. Ne3 Bf4 33. Rfd1 Qe7 34. Rd7
Qg5 35. Nd5 Bg3 36. Qf6 Qxf6 37. Nxf6+ Kg7 38. Nd5 b5 39. Nc7 Rac8 40. Ne6+ 1-0

[Event "18. Obert Int. Sant Marti 2016 - B"]
[Site "Barcelona ESP"]
[Date "2016.07.13"]
[Round "1.25"]
[White "Palomero Galvez, Antonio"]
[Black "Elizondo Marquet, Juan Marcos"]
[Result "0-1"]
[WhiteElo "1593"]
[BlackElo "1870"]
[PlyCount "80"]
[EventDate "2016.07.13"]
[EventType "swiss"]
[EventRounds "9"]
[EventCountry "ESP"]
[SourceTitle "Ajedrez en Madrid"]
[Source "lmi"]
[SourceDate "2016.07.13"]
[SourceVersion "1"]
[SourceVersionDate "2019.06.21"]
[SourceQuality "1"]

1. e4 c5 2. Nf3 d6 3. d4 cxd4 4. Nxd4 Nf6 5. Nc3 Nc6 6. Be2 e5 7. Nb3 Be7 8.
O-O O-O 9. Bg5 Nxe4 10. Bxe7 Nxc3 11. Bxd8 Nxd1 12. Bc7 Nxb2 13. Bxd6 Re8 14.
a4 Be6 15. Bb5 Nc4 16. Bxc6 bxc6 17. Bc5 a5 18. Rfd1 Rad8 19. Kf1 Bf5 20. Rxd8
Rxd8 21. Nxa5 Nxa5 22. Bb6 Ra8 23. Bc7 Nc4 24. a5 Ra6 25. c3 f6 26. Ke2 Ra7 27.
Bd8 Kf7 28. Rd1 Be4 29. Ra1 Ke8 30. Rd1 Bd5 31. Bb6 Ra6 32. Rb1 Kf7 33. f3 h5
34. h4 Ke6 35. Kd3 f5 36. Rb4 e4+ 37. fxe4 fxe4+ 38. Ke2 Nxa5 39. Bd4 Nc4 40.
Bxg7 Ra2+ 0-1

[Event "18. Obert Int. Sant Marti 2016 - B"]
[Site "Barcelona ESP"]
[Date "2016.07.13"]
[Round "1.26"]
[White "Reixach Ministral, Eduard"]
[Black "Gomez Fernandez, Miquel"]
[Result "1-0"]
[WhiteElo "1870"]
[BlackElo "1593"]
[PlyCount "59"]
[EventDate "2016.07.13"]
[EventType "swiss"]
[EventRounds "9"]
[EventCountry "ESP"]
[SourceTitle "Ajedrez en Madrid"]
[Source "lmi"]
[SourceDate "2016.07.13"]
[SourceVersion "1"]
[SourceVersionDate "2019.06.21"]
[SourceQuality "1"]

1. e4 c5 2. Nf3 Nc6 3. d4 cxd4 4. Nxd4 Nxd4 5. Qxd4 d6 6. Bc4 e5 7. Qd3 Nf6 8.
Nc3 a6 9. Bg5 Be7 10. Bxf6 Bxf6 11. Nd5 Be6 12. O-O Bg5 13. Kh1 O-O 14. Bb3 Rc8
15. Rad1 Rc6 16. g3 Qd7 17. f4 exf4 18. gxf4 Bh4 19. Rg1 f5 20. Rg2 Kh8 21.
Rdg1 g6 22. Qh3 Qd8 23. Nb4 Rb6 24. Bxe6 Rxb4 25. Qc3+ Qf6 26. Qxb4 Qxe6 27.
exf5 Rxf5 28. Rd2 Rxf4 29. Qxf4 Bf6 30. Rxd6 1-0

[Event "18. Obert Int. Sant Marti 2016 - B"]
[Site "Barcelona ESP"]
[Date "2016.07.13"]
[Round "1.27"]
[White "Ferre Navarro, Joan"]
[Black "Ritter Aguilar, Jordi"]
[Result "0-1"]
[WhiteElo "1591"]
[BlackElo "1868"]
[PlyCount "96"]
[EventDate "2016.07.13"]
[EventType "swiss"]
[EventRounds "9"]
[EventCountry "ESP"]
[SourceTitle "Ajedrez en Madrid"]
[Source "lmi"]
[SourceDate "2016.07.13"]
[SourceVersion "1"]
[SourceVersionDate "2019.06.21"]
[SourceQuality "1"]

1. d4 e6 2. Nf3 d5 3. e3 Nf6 4. Bd3 c5 5. c3 Be7 6. O-O Nc6 7. Nbd2 O-O 8. dxc5
Bxc5 9. e4 e5 10. exd5 Nxd5 11. Qc2 h6 12. Ne4 Be7 13. Ng3 Be6 14. Nf5 Bf6 15.
a3 Rc8 16. Qe2 Qd7 17. Qe4 Bxf5 18. Qxf5 Qxf5 19. Bxf5 Rcd8 20. Be4 Na5 21. Bc2
Rfe8 22. Re1 b6 23. Ba4 Re7 24. Re4 Nb7 25. Bd2 Nc5 26. Rc4 Nxa4 27. Rxa4 Red7
28. Re4 Ne7 29. Rd1 Nc6 30. Kf1 Na5 31. Ke1 Nb3 32. Re2 Nc5 33. b4 e4 34. Nd4
Nd3+ 35. Kf1 Bxd4 36. cxd4 Rxd4 37. Be3 Rc4 38. Red2 Rdc8 39. Ra2 f5 40. g3 g5
41. Ke2 Kf7 42. Rxd3 exd3+ 43. Kxd3 Ke6 44. f4 g4 45. Bd2 Kd5 46. Be3 Rc3+ 47.
Kd2 Ke4 48. Ke2 Rxe3+ 0-1

[Event "18. Obert Int. Sant Marti 2016 - B"]
[Site "Barcelona ESP"]
[Date "2016.07.13"]
[Round "1.28"]
[White "Bieg Pagel, Clemens"]
[Black "Tsulaia, Mariam"]
[Result "1-0"]
[WhiteElo "1866"]
[BlackElo "1588"]
[PlyCount "43"]
[EventDate "2016.07.13"]
[EventType "swiss"]
[EventRounds "9"]
[EventCountry "ESP"]
[SourceTitle "Ajedrez en Madrid"]
[Source "lmi"]
[SourceDate "2016.07.13"]
[SourceVersion "1"]
[SourceVersionDate "2019.06.21"]
[SourceQuality "1"]

1. e4 c5 2. Nf3 g6 3. d4 Bg7 4. Bc4 e6 5. O-O cxd4 6. Nxd4 Qc7 7. Nb5 Qc6 8.
N1c3 a6 9. Nd6+ Ke7 10. Bf4 e5 11. Nxc8+ Qxc8 12. Qd5 exf4 13. Qxf7+ Kd8 14.
Qxg7 Qxc4 15. Qxh8 Qf7 16. f3 Nc6 17. Rfd1 Nb4 18. Rd2 b5 19. Rad1 Ra7 20. Qd4
Nc6 21. Qd6 Ke8 22. Nd5 1-0

[Event "18. Obert Int. Sant Marti 2016 - B"]
[Site "Barcelona ESP"]
[Date "2016.07.13"]
[Round "1.29"]
[White "Martinez Navarro, Miquel"]
[Black "Madrid Sole, Antonio"]
[Result "0-1"]
[WhiteElo "1587"]
[BlackElo "1865"]
[PlyCount "130"]
[EventDate "2016.07.13"]
[EventType "swiss"]
[EventRounds "9"]
[EventCountry "ESP"]
[SourceTitle "Ajedrez en Madrid"]
[Source "lmi"]
[SourceDate "2016.07.13"]
[SourceVersion "1"]
[SourceVersionDate "2019.06.21"]
[SourceQuality "1"]

1. e4 d5 2. exd5 Qxd5 3. Nf3 Nf6 4. Nc3 Qa5 5. g3 c6 6. Bg2 Bg4 7. O-O e6 8. b3
Nbd7 9. Qe1 Be7 10. Bb2 O-O 11. d3 Qc7 12. Ne4 a5 13. Nxf6+ Bxf6 14. Bxf6 Nxf6
15. Ne5 Bh5 16. a4 Nd5 17. g4 Bg6 18. Nxg6 hxg6 19. Bxd5 cxd5 20. Qd2 Rfc8 21.
Rac1 Ra6 22. f3 Rc6 23. Rf2 Rc3 24. Kg2 d4 25. f4 b6 26. Kg3 Rxb3 27. cxb3 Qxc1
28. b4 Qc3 29. bxa5 bxa5 30. Kf3 Qc6+ 31. Kg3 Qxa4 32. Qa2 Qb5 33. Rd2 Rc3 34.
Kf2 a4 35. Ke2 Qc6 36. Kf2 a3 37. Qb1 Qc7 38. Kg3 Qc6 39. Kf2 Qd6 40. Kf3 e5
41. Qb5 exf4 42. Qe8+ Qf8 43. Qxf8+ Kxf8 44. Kxf4 Rb3 45. Ke4 Rb2 46. Rd1 a2
47. Ra1 Rxh2 48. Kxd4 f5 49. g5 Ke7 50. Kc5 Kd7 51. d4 Rg2 52. Kd5 Rb2 53. Kc4
Kd6 54. Kc3 Rg2 55. Kc4 f4 56. d5 f3 57. Kd3 Kxd5 58. Ke3 Kc4 59. Kxf3 Rc2 60.
Ke3 Kb3 61. Kd3 Rg2 62. Re1 Kb2 63. Re7 a1=Q 64. Rb7+ Kc1 65. Rc7+ Kd1 0-1

[Event "18. Obert Int. Sant Marti 2016 - B"]
[Site "Barcelona ESP"]
[Date "2016.07.13"]
[Round "1.30"]
[White "Abarca Garcia, Xavier"]
[Black "Ylla Soro, Rafael"]
[Result "1/2-1/2"]
[WhiteElo "1864"]
[BlackElo "1559"]
[PlyCount "45"]
[EventDate "2016.07.13"]
[EventType "swiss"]
[EventRounds "9"]
[EventCountry "ESP"]
[SourceTitle "Ajedrez en Madrid"]
[Source "lmi"]
[SourceDate "2016.07.13"]
[SourceVersion "1"]
[SourceVersionDate "2019.06.21"]
[SourceQuality "1"]

1. d4 f5 2. Nf3 Nf6 3. g3 e6 4. Bg2 Be7 5. O-O O-O 6. c4 c5 7. Nc3 Na6 8. d5
exd5 9. cxd5 d6 10. Nd2 Nc7 11. a4 b6 12. Nc4 Na6 13. a5 Rb8 14. axb6 axb6 15.
Bf4 Nb4 16. Ra7 Ba6 17. b3 Rb7 18. Rxb7 Bxb7 19. e4 fxe4 20. Nxe4 Nfxd5 21.
Bxd6 Bxd6 22. Ncxd6 Ba6 23. Nc4 1/2-1/2

[Event "18. Obert Int. Sant Marti 2016 - B"]
[Site "Barcelona ESP"]
[Date "2016.07.13"]
[Round "1.31"]
[White "Nunez Romeo, Fausto"]
[Black "Cano Sevila, Ivan"]
[Result "0-1"]
[WhiteElo "1545"]
[BlackElo "1853"]
[PlyCount "80"]
[EventDate "2016.07.13"]
[EventType "swiss"]
[EventRounds "9"]
[EventCountry "ESP"]
[SourceTitle "Ajedrez en Madrid"]
[Source "lmi"]
[SourceDate "2016.07.13"]
[SourceVersion "1"]
[SourceVersionDate "2019.06.21"]
[SourceQuality "1"]

1. e4 c5 2. Nf3 g6 3. d4 cxd4 4. Nxd4 Nf6 5. Nc3 Nc6 6. Be3 Bg7 7. Qd2 O-O 8.
O-O-O Ng4 9. Kb1 Nxe3 10. Qxe3 Nxd4 11. Rxd4 Bxd4 12. Qxd4 d6 13. f4 Be6 14.
Bd3 Qc8 15. h3 Qc5 16. Qxc5 dxc5 17. g4 f6 18. f5 Bf7 19. h4 Rfd8 20. b3 Rac8
21. Bc4 Bxc4 22. bxc4 Rd4 23. Nd5 Kf7 24. g5 Rxe4 25. fxg6+ hxg6 26. gxf6 exf6
27. h5 Rce8 28. Kb2 Rxc4 29. h6 g5 30. Rf1 Rf4 31. Nxf4 gxf4 32. Rxf4 Rh8 33.
Rf5 b6 34. Rh5 Kg6 35. Rh4 Rxh6 36. Rxh6+ Kxh6 37. Kc3 b5 38. Kd3 f5 39. Ke3
Kg5 40. Kf3 f4 0-1

[Event "18. Obert Int. Sant Marti 2016 - B"]
[Site "Barcelona ESP"]
[Date "2016.07.13"]
[Round "1.32"]
[White "Khudov, Oleksandr"]
[Black "Martinez Medina, Jose Juan"]
[Result "1-0"]
[WhiteElo "1847"]
[BlackElo "1534"]
[PlyCount "115"]
[EventDate "2016.07.13"]
[EventType "swiss"]
[EventRounds "9"]
[EventCountry "ESP"]
[SourceTitle "Ajedrez en Madrid"]
[Source "lmi"]
[SourceDate "2016.07.13"]
[SourceVersion "1"]
[SourceVersionDate "2019.06.21"]
[SourceQuality "1"]

1. c4 e5 2. Nc3 Bb4 3. g3 Bxc3 4. bxc3 f5 5. Bg2 Nf6 6. Ba3 d6 7. d4 e4 8. e3
Nc6 9. Ne2 O-O 10. O-O Re8 11. Nf4 Ne7 12. c5 d5 13. c4 c6 14. Qb3 Rb8 15. Rfb1
Bd7 16. Bf1 g5 17. cxd5 cxd5 18. Ne2 Bc6 19. Qc2 Qd7 20. Nc3 h5 21. Nb5 Nc8 22.
Be2 Qh7 23. Kg2 Re7 24. Bb4 h4 25. Rh1 h3+ 26. Kf1 g4 27. Ke1 Qf7 28. Kd2 Qe8
29. a4 Qd8 30. Rhb1 Nh7 31. Qc3 a6 32. Ba5 Qd7 33. Nc7 Bxa4 34. Nxd5 Re6 35.
Bc4 Bc6 36. Nf4 Nf8 37. Qb3 Kf7 38. Ke2 Bb5 39. Bxb5 Qxb5+ 40. Qxb5 axb5 41.
Nxe6 Nxe6 42. Rxb5 Na7 43. Bc7 Nxc7 44. Rb6 Nc6 45. Rab1 Nd8 46. Rh6 Nd5 47.
Kf1 Ne6 48. Rh7+ Ng7 49. Rh6 Ne6 50. Rb5 Ne7 51. Rb6 Nd8 52. Rh7+ Kf8 53. Rd6
Ng8 54. Rd5 Ne7 55. Rh8+ Ng8 56. Rxf5+ Nf7 57. Rh7 Ra8 58. Rhxf7+ 1-0

[Event "18. Obert Int. Sant Marti 2016 - B"]
[Site "Barcelona ESP"]
[Date "2016.07.13"]
[Round "1.33"]
[White "Riera Mestres, Josep"]
[Black "Santolaria Pena, M."]
[Result "0-1"]
[WhiteElo "1530"]
[BlackElo "1846"]
[PlyCount "60"]
[EventDate "2016.07.13"]
[EventType "swiss"]
[EventRounds "9"]
[EventCountry "ESP"]
[SourceTitle "Ajedrez en Madrid"]
[Source "lmi"]
[SourceDate "2016.07.13"]
[SourceVersion "1"]
[SourceVersionDate "2019.06.21"]
[SourceQuality "1"]

1. d4 Nf6 2. Nf3 d6 3. Bf4 e6 4. e3 Be7 5. c4 b6 6. Be2 Bb7 7. h3 O-O 8. Nc3
Nbd7 9. O-O a6 10. a3 c5 11. dxc5 Nxc5 12. b4 Nce4 13. Nxe4 Nxe4 14. Qc2 Rc8
15. Qb3 f5 16. Rfd1 Qc7 17. Bh2 Kh8 18. Nd2 Ng5 19. f3 Rf6 20. c5 Bd5 21. Qa4
bxc5 22. bxc5 e5 23. cxd6 Bxd6 24. Rac1 Bc5 25. Kh1 Rc6 26. Nf1 Be6 27. f4 Ne4
28. Bg1 exf4 29. exf4 Qxf4 30. Bf3 Nf2+ 0-1

[Event "18. Obert Int. Sant Marti 2016 - B"]
[Site "Barcelona ESP"]
[Date "2016.07.13"]
[Round "1.34"]
[White "Ramos Alvarez, Maximo"]
[Black "Molina Taberner, Jordi"]
[Result "1-0"]
[WhiteElo "1843"]
[BlackElo "1529"]
[PlyCount "103"]
[EventDate "2016.07.13"]
[EventType "swiss"]
[EventRounds "9"]
[EventCountry "ESP"]
[SourceTitle "Ajedrez en Madrid"]
[Source "lmi"]
[SourceDate "2016.07.13"]
[SourceVersion "1"]
[SourceVersionDate "2019.06.21"]
[SourceQuality "1"]

1. e4 g6 2. d4 Bg7 3. Nf3 d6 4. Nc3 a6 5. a4 b6 6. Bc4 e6 7. Bg5 Ne7 8. Qd2 h6
9. Be3 Bb7 10. O-O Nd7 11. b4 g5 12. h3 Ng6 13. Rad1 O-O 14. Bd3 c5 15. bxc5
bxc5 16. Rb1 Rb8 17. d5 Bxc3 18. Qxc3 exd5 19. exd5 Bxd5 20. Bxg6 fxg6 21. Qd3
Bf7 22. Qxd6 Nb6 23. Bxc5 Nxa4 24. Rxb8 Qxb8 25. Qxf8+ Qxf8 26. Bxf8 Kxf8 27.
Ra1 Nc5 28. Ra5 Nd7 29. Rxa6 Ke7 30. Nd2 Nc5 31. Rc6 Ne6 32. Nf3 Kf6 33. Nd4
Ke5 34. Nxe6 Bxe6 35. c4 Bf7 36. Rc7 Bg8 37. c5 Kd5 38. Kf1 Kd4 39. Ke1 Be6 40.
f3 h5 41. Rg7 Bf5 42. c6 Ke5 43. g4 hxg4 44. hxg4 Bc8 45. Rg8 Be6 46. c7 Bxg8
47. c8=Q Be6 48. Qh8+ Kf4 49. Qf6+ Bf5 50. Ke2 Kg3 51. Qe5+ Kh4 52. Qh2# 1-0

[Event "18. Obert Int. Sant Marti 2016 - B"]
[Site "Barcelona ESP"]
[Date "2016.07.13"]
[Round "1.35"]
[White "Brunet Gil, Pol"]
[Black "Poyato Ruiz, Fernando"]
[Result "1/2-1/2"]
[WhiteElo "1524"]
[BlackElo "1840"]
[PlyCount "38"]
[EventDate "2016.07.13"]
[EventType "swiss"]
[EventRounds "9"]
[EventCountry "ESP"]
[SourceTitle "Ajedrez en Madrid"]
[Source "lmi"]
[SourceDate "2016.07.13"]
[SourceVersion "1"]
[SourceVersionDate "2019.06.21"]
[SourceQuality "1"]

1. e4 e6 2. d4 d5 3. exd5 exd5 4. Nf3 Bd6 5. Bd3 Ne7 6. c3 c6 7. Qc2 Bg4 8. Ne5
Bh5 9. Be2 Bxe2 10. Qxe2 O-O 11. O-O Re8 12. Qc2 f6 13. Nf3 Nd7 14. Re1 Nf8 15.
Nbd2 Qd7 16. Nf1 Neg6 17. Bd2 Rxe1 18. Rxe1 Re8 19. Ng3 Rxe1+ 1/2-1/2

[Event "18. Obert Int. Sant Marti 2016 - B"]
[Site "Barcelona ESP"]
[Date "2016.07.13"]
[Round "1.36"]
[White "Martin Valentin, Francisco"]
[Black "Minko, Olga"]
[Result "1/2-1/2"]
[WhiteElo "1836"]
[BlackElo "1509"]
[PlyCount "33"]
[EventDate "2016.07.13"]
[EventType "swiss"]
[EventRounds "9"]
[EventCountry "ESP"]
[SourceTitle "Ajedrez en Madrid"]
[Source "lmi"]
[SourceDate "2016.07.13"]
[SourceVersion "1"]
[SourceVersionDate "2019.06.21"]
[SourceQuality "1"]

1. d4 d5 2. Nf3 Nf6 3. c4 dxc4 4. Nc3 e6 5. e3 a6 6. Bxc4 b5 7. Be2 Bb7 8. a3
Nbd7 9. b4 Bd6 10. Bb2 O-O 11. Qc2 Re8 12. O-O e5 13. Rfd1 exd4 14. exd4 Ne4
15. Nxe4 Bxe4 16. Qd2 Bd5 17. h3 1/2-1/2

[Event "18. Obert Int. Sant Marti 2016 - B"]
[Site "Barcelona ESP"]
[Date "2016.07.13"]
[Round "1.37"]
[White "Bienvenido Kleque, Jose"]
[Black "Martinez Balaguer, Josep"]
[Result "0-1"]
[WhiteElo "1494"]
[BlackElo "1834"]
[PlyCount "40"]
[EventDate "2016.07.13"]
[EventType "swiss"]
[EventRounds "9"]
[EventCountry "ESP"]
[SourceTitle "Ajedrez en Madrid"]
[Source "lmi"]
[SourceDate "2016.07.13"]
[SourceVersion "1"]
[SourceVersionDate "2019.06.21"]
[SourceQuality "1"]

1. c4 f5 2. Nc3 Nf6 3. d4 g6 4. Nf3 Bg7 5. e3 O-O 6. Be2 d6 7. O-O Nc6 8. Re1
e5 9. dxe5 dxe5 10. Qxd8 Rxd8 11. Rd1 Be6 12. Rxd8+ Rxd8 13. Ng5 Bc8 14. c5 Kf8
15. Bc4 Ke7 16. e4 Na5 17. Be2 h6 18. b4 Nc6 19. b5 Nd4 20. Nf3 Nxe2+ 0-1

[Event "18. Obert Int. Sant Marti 2016 - B"]
[Site "Barcelona ESP"]
[Date "2016.07.13"]
[Round "1.38"]
[White "Serra Vilaro, Agustin"]
[Black "Pascual Duran, Pau"]
[Result "1-0"]
[WhiteElo "1829"]
[BlackElo "1480"]
[PlyCount "57"]
[EventDate "2016.07.13"]
[EventType "swiss"]
[EventRounds "9"]
[EventCountry "ESP"]
[SourceTitle "Ajedrez en Madrid"]
[Source "lmi"]
[SourceDate "2016.07.13"]
[SourceVersion "1"]
[SourceVersionDate "2019.06.21"]
[SourceQuality "1"]

1. d4 Nf6 2. c3 g6 3. Nd2 Bg7 4. e4 d6 5. f4 O-O 6. Ngf3 c5 7. Bc4 a6 8. a4
cxd4 9. cxd4 Qb6 10. a5 Qb4 11. Qe2 Nc6 12. e5 Nh5 13. Qe3 Nxa5 14. Ba2 dxe5
15. fxe5 Be6 16. d5 Bd7 17. O-O Qg4 18. Ne4 Bb5 19. Re1 Nc4 20. Qd4 Rac8 21. b3
Nxe5 22. Nxe5 Qf5 23. Bb2 Rc2 24. Nf2 Bxe5 25. Rxe5 Qc8 26. Rxe7 f6 27. Rae1
Qf5 28. Bb1 Bd3 29. Bxc2 1-0

[Event "18. Obert Int. Sant Marti 2016 - B"]
[Site "Barcelona ESP"]
[Date "2016.07.13"]
[Round "1.39"]
[White "De Figueiredo Coutinho, Rocco"]
[Black "Corominas Garrido, Antonio"]
[Result "1/2-1/2"]
[WhiteElo "1474"]
[BlackElo "1824"]
[PlyCount "114"]
[EventDate "2016.07.13"]
[EventType "swiss"]
[EventRounds "9"]
[EventCountry "ESP"]
[SourceTitle "Ajedrez en Madrid"]
[Source "lmi"]
[SourceDate "2016.07.13"]
[SourceVersion "1"]
[SourceVersionDate "2019.06.21"]
[SourceQuality "1"]

1. e4 c6 2. d4 d5 3. Nc3 dxe4 4. Nxe4 Bf5 5. Ng3 Bg6 6. h4 h6 7. h5 Bh7 8. Nf3
Nd7 9. Bd3 Bxd3 10. Qxd3 e6 11. Bf4 Ngf6 12. O-O-O Be7 13. Kb1 O-O 14. Nd2 Nd5
15. Ne2 Nxf4 16. Nxf4 Qc7 17. Ne2 Nf6 18. Nc4 Rfd8 19. Qg3 Qxg3 20. Nxg3 c5 21.
c3 cxd4 22. cxd4 Rd5 23. Ne5 Rad8 24. Ne2 Bc5 25. Nf3 Bb6 26. Nf4 R5d6 27. Ne2
Ng4 28. Rdf1 Rc6 29. Rh4 f5 30. a3 Kf7 31. Rxg4 fxg4 32. Ne5+ Kf6 33. Nxc6 bxc6
34. Rc1 Bxd4 35. Nxd4 Rxd4 36. Rxc6 Rd2 37. Rc2 Rd5 38. Kc1 Rxh5 39. b4 Rf5 40.
Kd1 a5 41. Rb2 axb4 42. axb4 Rb5 43. g3 g5 44. Kd2 Ke5 45. Kc3 Kd5 46. Rd2+ Kc6
47. Re2 e5 48. Re1 Rd5 49. Rh1 Rd6 50. Re1 Re6 51. Kc4 h5 52. b5+ Kb6 53. Rh1
Rh6 54. Kd5 h4 55. gxh4 gxh4 56. Kxe5 Kxb5 57. Kf4 Rf6+ 1/2-1/2

[Event "18. Obert Int. Sant Marti 2016 - B"]
[Site "Barcelona ESP"]
[Date "2016.07.13"]
[Round "1.40"]
[White "Pereda Villalba, Julian"]
[Black "Capellades Molero, Josep"]
[Result "1/2-1/2"]
[WhiteElo "1824"]
[BlackElo "1468"]
[PlyCount "103"]
[EventDate "2016.07.13"]
[EventType "swiss"]
[EventRounds "9"]
[EventCountry "ESP"]
[SourceTitle "Ajedrez en Madrid"]
[Source "lmi"]
[SourceDate "2016.07.13"]
[SourceVersion "1"]
[SourceVersionDate "2019.06.21"]
[SourceQuality "1"]

1. d4 d5 2. c4 dxc4 3. Nc3 a6 4. a4 Bf5 5. e4 Bg6 6. Bxc4 e6 7. Nge2 Bb4 8. O-O
Ne7 9. Be3 Nbc6 10. f3 O-O 11. Nf4 Qd7 12. Nxg6 Nxg6 13. Ne2 Rad8 14. Qc2 Qe7
15. Rad1 Rd7 16. d5 Na5 17. Ba2 Rfd8 18. dxe6 fxe6 19. Rxd7 Rxd7 20. Rd1 Rxd1+
21. Qxd1 Nc6 22. Qd3 Nf8 23. Nd4 Nxd4 24. Bxd4 Bc5 25. Qe3 Bxd4 26. Qxd4 Qd6
27. Qxd6 cxd6 28. Kf2 Kf7 29. Ke3 Nd7 30. b4 Nb6 31. Bb3 Ke7 32. f4 e5 33. g3
h6 34. Kd3 Kf6 35. a5 Nd7 36. Bd5 b6 37. Bc6 Nb8 38. Bb7 bxa5 39. bxa5 Ke7 40.
Kc4 Kd8 41. Kd5 Kc7 42. Ba8 exf4 43. gxf4 Nd7 44. e5 dxe5 45. fxe5 h5 46. e6
Nf6+ 47. Ke5 Ng4+ 48. Kf5 Nxh2 49. Kg5 Nf3+ 50. Kxh5 Nd4 51. e7 Kd7 52. Bb7
1/2-1/2

[Event "18. Obert Int. Sant Marti 2016 - B"]
[Site "Barcelona ESP"]
[Date "2016.07.13"]
[Round "1.41"]
[White "Pera Muntasell, Marc"]
[Black "Gonzalez Moreno, Antoni"]
[Result "1-0"]
[WhiteElo "1450"]
[BlackElo "1822"]
[PlyCount "91"]
[EventDate "2016.07.13"]
[EventType "swiss"]
[EventRounds "9"]
[EventCountry "ESP"]
[SourceTitle "Ajedrez en Madrid"]
[Source "lmi"]
[SourceDate "2016.07.13"]
[SourceVersion "1"]
[SourceVersionDate "2019.06.21"]
[SourceQuality "1"]

1. e4 c6 2. d4 d5 3. Nd2 dxe4 4. Nxe4 Bf5 5. Ng3 Bg6 6. Nf3 Nd7 7. h4 h6 8. h5
Bh7 9. Bd3 Bxd3 10. Qxd3 Qc7 11. Bd2 Ngf6 12. Qe2 e6 13. O-O-O O-O-O 14. Ne5
Nxe5 15. dxe5 Nd5 16. c4 Nb4 17. Kb1 Be7 18. Bc3 Qb6 19. f4 Na6 20. Ne4 Qc7 21.
Bd4 c5 22. Bc3 Nb8 23. Qf2 b6 24. f5 Rxd1+ 25. Rxd1 Rd8 26. Rxd8+ Qxd8 27. Kc2
Nc6 28. fxe6 fxe6 29. Qf7 Nd4+ 30. Bxd4 Qxd4 31. Qe8+ Qd8 32. Qc6+ Qc7 33.
Qxe6+ Qd7 34. Qg8+ Bd8 35. Nd6+ Kb8 36. Nf7 Kc7 37. Qxd8+ Qxd8 38. Nxd8 Kxd8
39. Kd3 Ke7 40. Ke4 Ke6 41. a3 a6 42. a4 a5 43. b3 Ke7 44. Kd5 Kd7 45. e6+ Kc7
46. g3 1-0